Ελληνική εποποιϊα: 1940-1941
Αποθηκεύτηκε σε:
| Κύριος συγγραφέας: | |
|---|---|
| Μορφή: | Βιβλίο |
| Γλώσσα: | Greek |
| Δημοσίευση: |
Αθήνα :
[χ.ε.],
1964.
|
| Θέματα: | |
| Ετικέτες: |
Προσθήκη ετικέτας
Δεν υπάρχουν, Καταχωρήστε ετικέτα πρώτοι!
|
MARC
| LEADER | 00000cam a2200000 a 4500 | ||
|---|---|---|---|
| 001 | 1/125104 | ||
| 008 | 220620s1964####gr | ||| |||| ||gre|| | ||
| 040 | |a GR-MyUa |b gre |c GR-MyUa |e AACR2 | ||
| 041 | 0 | |a gre | |
| 082 | 7 | |a 938.75 |2 (23) | |
| 100 | 1 | |a Τερζάκης, Άγγελος, |d 1907-1979. | |
| 245 | 1 | 0 | |a Ελληνική εποποιϊα: |b 1940-1941 / |c Αγγέλου Τερζάκη. |
| 260 | |a Αθήνα : |b [χ.ε.], |c 1964. | ||
| 300 | |a [223] σ. : |b χαρτ. ; |c 24 εκ. | ||
| 650 | 0 | |a World War, 1939-1945 |z Greece |x Personal narratives. | |
| 650 | 0 | |a World War, 1939-1945 |x Naval operations. | |
| 650 | 0 | |a World War, 1939-1945 |x Military operations. | |
| 970 | |a Σιδερή |b Νεκταρία |z 2022/06/20 | ||